Focus (Record no. 78830)

MARC details
000 -LEADER
fixed length control field 01050cab a22002415a 4500
001 - CONTROL NUMBER
control field L138235
008 - FIXED-LENGTH DATA ELEMENTS--GENERAL INFORMATION
fixed length control field 070523e2007 xxkdo f 000 0 eng d
035 ## - SYSTEM CONTROL NUMBER
System control number (Sirsi) u138235
041 0# - LANGUAGE CODE
Language code of text/sound track or separate title eng
100 1# - MAIN ENTRY--PERSONAL NAME
Personal name Neale, Jon
245 00 - TITLE STATEMENT
Title Focus
Remainder of title South Yorkshire
260 ## - PUBLICATION, DISTRIBUTION, ETC.
Date of publication, distribution, etc. 2007
490 ## - SERIES STATEMENT
Series statement Estates Gazette
Volume/sequential designation (0720) 19 May 2007, 141-159(12)
520 ## - SUMMARY, ETC.
Summary, etc. Reports on Sheffield United's property strategy, being a key aspect of its Premiership survival. Office development plans of around 1 million square feet are examined. Retail developments are also described. Barnsley has plans to develop flats, offices, retail and leisure space with a view to making the area more cosmopolitan. Developers aim to grab land for commercial schemes in Doncaster, particularly close to Robin Hood airport.
590 ## - LOCAL NOTE (RLIN)
Local note KA
651 #4 - SUBJECT ADDED ENTRY--GEOGRAPHIC NAME
Geographic name England
Chronological subdivision 886-
690 ## - LOCAL SUBJECT ADDED ENTRY--TOPICAL TERM (OCLC, RLIN)
Topical term or geographic name as entry element PROPERTY-COMMERCIAL PROPERTY-COMMERCIAL PROPERTY MARKET
700 1# - ADDED ENTRY--PERSONAL NAME
Personal name Pilkington, Lisa
700 1# - ADDED ENTRY--PERSONAL NAME
Personal name Elghamry, Nadia
700 1# - ADDED ENTRY--PERSONAL NAME
Personal name Martin, Natalie
700 1# - ADDED ENTRY--PERSONAL NAME
Personal name James, Graham
942 ## - ADDED ENTRY ELEMENTS (KOHA)
Suppress in OPAC 0
Holdings
Withdrawn status Lost status Source of classification or shelving scheme Damaged status Not for loan Home library Current library Shelving location Date acquired Total Checkouts Full call number Barcode Date last seen Copy number Price effective from Koha item type
    Dewey Decimal Classification     London London Journal article 23/05/2007   L138235 138235-1001 06/08/2019 1 06/08/2019 Journal article